Anteproyecto de nuevo Código penal
Zapisane w:
| 1. autor: | |
|---|---|
| Kolejni autorzy: | |
| Format: | Książka |
| Język: | hiszpański |
| Wydane: |
Santiago
Ministerio de Justicia
2005
|
| Hasła przedmiotowe: | |
| Etykiety: |
Dodaj etykietę
Nie ma etykietki, Dołącz pierwszą etykiete!
|
MARC
| LEADER | 00000cam a2200000 a 4500 | ||
|---|---|---|---|
| 001 | UCF9116 | ||
| 003 | CL-VaPUC | ||
| 008 | 131025e20050000cl |||||||||||||||||spa|d | ||
| 082 | 0 | 4 | |a 345.83 |b MAT |2 21 |
| 100 | |a Matus Acuña, Jean Pierre |e autor |9 622291 | ||
| 700 | |a Hernández Basualto, Héctor |e autor |9 571334 | ||
| 245 | 1 | 0 | |a Anteproyecto de nuevo Código penal |
| 300 | |a 77 p | ||
| 942 | |c BK | ||
| 945 | |d 20131025 12:28:00 |a cmena | ||
| 260 | |a Santiago |b Ministerio de Justicia |c 2005 | ||
| 650 | 7 | |a DERECHO PENAL |2 CL-VaPUC |9 11 | |
| 650 | 0 | |a Código penal chileno |9 484032 | |
| 650 | 7 | |a PROYECTOS DE LEY |2 CL-VaPUC |9 388710 | |
| 583 | |a last modification |c 20131025 12:28:00 |k Rodrigo Vera | ||
| 999 | |c 353601 |d 353599 | ||
| 952 | |0 0 |1 0 |2 ddc |3 ean |4 0 |5 1 |6 345_830000000000000_MAT_2005 |7 1 |8 C_LRYV |9 458936 |a FDOBRV |b BIBDER |d 2019-11-23 |i 5020816 |o 345.83 MAT 2005 |p 5020816 |r 2019-11-23 |w 2019-11-23 |y BK_X |z Catalogado en:20131025 |k BRV | ||